Hunger Games Hanging Tree Song Lyrics - Statistics

General Stats
  • This quiz has been taken 2,038 times
  • The average score is 11 of 13
Answer Stats
Hint Answer % Correct
Are you,are you, coming to the tree
100%
up at midnight in the Hanging tree
100%
would it be, if we met up at midnight in the Hanging
96%
Are you, are you, coming
93%
three. Strang things did happen here, no stranger
93%
side by side with me. Strange things
88%
Strange things did happen here, no stranger would it be if we met
86%
where they strung up a man they say murdered
85%
at midnight in the Hanging Tree
79%
man called out for his love to flee
70%
to the tree, wear a necklace of rope
66%
did happen here, no stranger would it be, If we met up
66%
tree.Are you, are you, are you comin to the tree where the dead
65%
No matching quizzes found
Score Distribution
Percent of People with Each Score
Percentile by Number Answered
Your Score History
You have not taken this quiz